هكذا تتوافق مع ذاتك والآخرين : (رقم التسجيلة. 41070)
[ عرض عادي ]
| 000 -الفاتح | |
|---|---|
| حقل البيانات ثابتة الطول | 00831nam a22002177a 4500 |
| 003 - محدد رقم الضبط | |
| رقم الضبط | OSt |
| 005 - وقت وتاريخ اخر تعامل مع التسجيلة | |
| رقم الضبط | 20171009131011.0 |
| 008 - عناصر البيانات ثابتة الطول - معلومات عامة | |
| حقل البيانات ثابتة الطول | 170708s2017 ua g b 00000 ara d |
| 020 ## - الرقم الدولى المعيارى للكتب | |
| الرقم الدولى المعيارى للكتاب | 9789774402421 |
| 040 ## - مصدر الفهرسة | |
| وكالة الفهرسة الأصلية | Ma-Un |
| لغة الفهرسة | ara |
| وكالة النسخ | Dar Arab |
| 082 ## - رقم تصنيف ديوى العشرى | |
| رقم الطبعة | 21 |
| رقم التصنيف | 155.24 |
| رقم المادة | م ز هـ |
| 100 1# - المدخل الرئيسى - إسم شخصى | |
| 9 (RLIN) | 58143 |
| الإسم الشخصى | المصطفى، زين العابدين أحمد |
| 245 10 - بيان العنوان | |
| العنوان | هكذا تتوافق مع ذاتك والآخرين : |
| بقية العنوان | رؤية تأصيليلة لكيفية التوافق / |
| بيان المسئوليه,etc | زين العابدين أحمد المصطفي. |
| 250 ## - بيان الطبعة | |
| بيان الطبعة | ط. 1. |
| 260 ## - PUBLICATION, DISTRIBUTION, ETC. (IMPRINT) | |
| مكان الناشر او الموزع | القاهرة : |
| اسم الناشر او الموزع | الدار العالمية للنشر، |
| تاريخ النشر أو التوزيع | 2017. |
| 300 ## - الوصف المادى | |
| التعداد | 233 ص. ؛ |
| أبعاد الوعاء | 24 سم. |
| 504 ## - تبصرة ببليوجرافية | |
| تبصرة ببليوجرافية,الخ | ببليوجرافية : ص. 228-233. |
| 650 #4 - المدخل الاضافى بالموضوع-مصطلح موضوعى | |
| مصطلح موضوعي أو اسم جغرافي كعنصر مدخل | التكيف النفسي |
| 9 (RLIN) | 54270 |
| 650 #4 - المدخل الاضافى بالموضوع-مصطلح موضوعى | |
| مصطلح موضوعي أو اسم جغرافي كعنصر مدخل | التكيف الاجتماعي |
| 9 (RLIN) | 2588 |
| 942 ## - عناصر المدخل الإضافي( كوها) | |
| Koha [default] item type | كتاب |
| حالة الفقد | نموذج السعر الفعال | حالة تلف | ليس للاعارة | رقم الطلب | رقم النسخة | تاريخ الاكتساب | الموقع الحالي | الباركود | الفرع الرئيسي | Date last seen | نوع المادة فى نظام كوها | مصدر التصنيف او خطة الترفيف | Total Checkouts |
|---|---|---|---|---|---|---|---|---|---|---|---|---|---|
| 2017-10-09 | Not For Loan | 155.24 م ز هـ | 1 | 2017-10-09 | المكتبة المركزية بالمجمعة (CL) | 00235768 | المكتبة المركزية بالمجمعة (CL) | 2017-10-09 | كتاب | Dewey Decimal Classification | |||
| 2017-10-09 | 155.24 م ز هـ | 2 | 2017-10-09 | المكتبة المركزية بالمجمعة (CL) | 00235767 | المكتبة المركزية بالمجمعة (CL) | 2017-10-09 | كتاب | Dewey Decimal Classification | ||||
| 2017-10-09 | 155.24 م ز هـ | 3 | 2017-10-09 | المكتبة المركزية بالمجمعة (CL) | 00235766 | المكتبة المركزية بالمجمعة (CL) | 2017-10-09 | كتاب | Dewey Decimal Classification | ||||
| 2017-10-09 | Not For Loan | 155.24 م ز هـ | 1 | 2017-10-09 | مكتبة مجمع الطالبات بالمجمعة (EMF) | 00235765 | مكتبة مجمع الطالبات بالمجمعة (EMF) | 2017-10-09 | كتاب | Dewey Decimal Classification | |||
| 2017-10-09 | 155.24 م ز هـ | 2 | 2017-10-09 | مكتبة مجمع الطالبات بالمجمعة (EMF) | 00235764 | مكتبة مجمع الطالبات بالمجمعة (EMF) | 2017-10-09 | كتاب | Dewey Decimal Classification |
